Educating Actors Quiz Stats

 Plays Quiz Updated Mar 22, 2019

Score 0/28 Timer 08:00
0 Plays Today
Source Actor/Actress % Correct
School of RockJack Black
90.9%
Dead Poets SocietyRobin Williams
83.7%
Mona Lisa SmileJulia Roberts
59.7%
Kindergarten CopArnold Schwarzenegger
55.9%
Mean GirlsTina Fey
54.2%
Ferris Bueller's Day OffBen Stein
45.5%
Mr. Holland's OpusRichard Dreyfuss
39.5%
Dangerous MindsMichelle Pfeiffer
39.3%
Harry PotterMichael Gambon
32.4%
Old SchoolJeremy Piven
24.3%
To Sir, with LoveSidney Poitier
21.3%
Stand and DeliverEdward James Olmos
18.4%
Welcome Back KotterGabe Kaplan
16.9%
The SimpsonsHarry Shearer
11.6%
Source Actor/Actress % Correct
Saved By the BellDennis Haskins
11.4%
Billy MadisonBridgette Wilson
10.2%
Boy Meets WorldWilliam Daniels
6.4%
Hangin' With Mr. CooperMark Curry
6.2%
Head of the ClassHoward Hesseman
6.2%
The Magic School BusLily Tomlin
5.7%
FuturamaBilly West
4.3%
TeachersNick Nolte
3.8%
MatildaEmbeth Davidtz
3.1%
The Breakfast ClubPaul Gleason
3%
Animal HouseJohn Vernon
2.7%
Inherit the WindDick York
2.3%
RushmoreBrian Cox
2.3%
High School MusicalAlyson Reed
0.7%

You're not logged in!

Compare scores with friends on all Sporcle quizzes.
OR
Log In

Sporcle TV

Today on Sporcle TV


Watch our educational content, quiz creation guides, and fun videos on Sporcle TV.

Show Comments

Extras

Top Quizzes Today


Score Distribution

Your Account Isn't Verified!

In order to create a playlist on Sporcle, you need to verify the email address you used during registration. Go to your Sporcle Settings to finish the process.

Report this User

Report this user for behavior that violates our Community Guidelines.

Details: